Stuart Little. (Record no. 2002)

MARC details
000 -LEADER
fixed length control field 01671cam a2200385 a 4500
001 - CONTROL NUMBER
control field 2002
003 - CONTROL NUMBER IDENTIFIER
control field FISKH
005 - DATE AND TIME OF LATEST TRANSACTION
control field 20231027144408.0
008 - FIXED-LENGTH DATA ELEMENTS--GENERAL INFORMATION
fixed length control field 990402s1999 nyua b 000 1 eng
010 ## - LIBRARY OF CONGRESS CONTROL NUMBER
LC control number 99062459
020 ## - INTERNATIONAL STANDARD BOOK NUMBER
International Standard Book Number 0064442691 (pbk.)
020 ## - INTERNATIONAL STANDARD BOOK NUMBER
International Standard Book Number 046594002990
040 ## - CATALOGING SOURCE
Original cataloging agency DLC
Transcribing agency DLC
Modifying agency DLC
Language of cataloging eng
042 ## - AUTHENTICATION CODE
Authentication code lcac
050 00 - LIBRARY OF CONGRESS CALL NUMBER
Classification number PZ7.R387
Item number St 1999
082 00 - DEWEY DECIMAL CLASSIFICATION NUMBER
Classification number 514
Edition number 21
100 1# - MAIN ENTRY--PERSONAL NAME
Personal name Richards, Kitty.
245 10 - TITLE STATEMENT
Title Stuart Little.
Name of part/section of a work Stuart finds his way home /
Statement of responsibility, etc. based on the screenplay by Gregory J. Brooker and M. Night Shyamalan ; [adaptation by Kitty Richards ; illustrations by Carolyn Bracken].
246 30 - VARYING FORM OF TITLE
Title proper/short title Stuart finds his way home
260 ## - PUBLICATION, DISTRIBUTION, ETC.
Place of publication, distribution, etc. New York :
Name of publisher, distributor, etc. Harper Collins,
Date of publication, distribution, etc. 1999.
300 ## - PHYSICAL DESCRIPTION
Extent 24 unnumbered pages :
Other physical details color illustrations;
Dimensions 22 cm
505 ## - FORMATTED CONTENTS NOTE
Formatted contents note E<br/>
520 ## - SUMMARY, ETC.
Summary, etc. Chased Away When the Littles bring their new son home, their cat, Snowbell, tries to eat him. After all, Stuart is a mouse, not a person. And Snowbell doesn't like the idea of a mouse ordering him around. So he and the neighborhood cats trick Stuart into leaving the Littles. Stuart goes far away, but realizes he misses his family. Will Stuart ever make it back home?
521 8# - TARGET AUDIENCE NOTE
Target audience note 260<br/>
521 8# - TARGET AUDIENCE NOTE
Target audience note 260<br/>
Source Lexile estimate <br/>
521 8# - TARGET AUDIENCE NOTE
Target audience note E<br/>
Source Raz-Plus<br/>
650 #1 - SUBJECT ADDED ENTRY--TOPICAL TERM
Topical term or geographic name entry element Mice
Form subdivision Fiction.
650 #1 - SUBJECT ADDED ENTRY--TOPICAL TERM
Topical term or geographic name entry element Cats
Form subdivision Fiction.
700 1# - ADDED ENTRY--PERSONAL NAME
Personal name Bracken, Carolyn,
Relator term illustrator.
700 1# - ADDED ENTRY--PERSONAL NAME
Personal name Brooker, Greg.
700 1# - ADDED ENTRY--PERSONAL NAME
Personal name Shyamalan, M. Night.
906 ## - LOCAL DATA ELEMENT F, LDF (RLIN)
a 7
b cbc
c orignew
d 2
e opcn
f 19
g y-gencatlg
942 ## - ADDED ENTRY ELEMENTS (KOHA)
Source of classification or shelving scheme Dewey Decimal Classification
Koha item type Books
Suppress in OPAC No
Holdings
Withdrawn status Lost status Source of classification or shelving scheme Damaged status Not for loan Collection Home library Current library Shelving location Date acquired Total Checkouts Full call number Barcode Date last seen Price effective from Koha item type
    Dewey Decimal Classification     Fiction Footprints International School Library Network Toul Kork Campus Footprints International School Library Network Toul Kork Campus TK Primary Library Room(4th Floor), Bookcase 7, Shelves 57-60, Dark Green Books 10/25/2023   RIC 514 PZ7.R387 FISBK04193 10/25/2023 10/25/2023 Books